Visions of reconstruction 1940-1948 (Record no. 114266)

MARC details
000 -LEADER
fixed length control field 01357cam a22003375a 4500
001 - CONTROL NUMBER
control field L156465
008 - FIXED-LENGTH DATA ELEMENTS--GENERAL INFORMATION
fixed length control field 120525s2005 xxk f 000 0 eng d
020 ## - INTERNATIONAL STANDARD BOOK NUMBER
International Standard Book Number 0727733435
035 ## - SYSTEM CONTROL NUMBER
System control number (Sirsi) u156465
041 0# - LANGUAGE CODE
Language code of text/sound track or separate title eng
050 04 - LIBRARY OF CONGRESS CALL NUMBER
Classification number 624.08
100 1# - MAIN ENTRY--PERSONAL NAME
Personal name Baldwin, Robert
245 00 - TITLE STATEMENT
Title Visions of reconstruction 1940-1948
Remainder of title planning the engineered infrastructure for a post-war economy
-- windows on the view from Great George Street
260 ## - PUBLICATION, DISTRIBUTION, ETC.
Place of publication, distribution, etc. London
Name of publisher, distributor, etc. Thomas Telford
Date of publication, distribution, etc. 2005.
300 ## - PHYSICAL DESCRIPTION
Extent 202p.illus.
Dimensions 18cm.
350 ## - PRICE (NR) (BK AM CF MU VM SE) [OBSOLETE]
Price 20
520 ## - SUMMARY, ETC.
Summary, etc. In 2004 Institution of Civil Engineers (ICE) held an exhibition to commerate the 60th anniversary of its Practical Planning Exhibition held at ICE HQ in Great George Street in 1944 looking at the role of civil engineers in post Second World World reconstruction. It covered infrastructure including railways, roads and motorways, docks and airports, town and country planning, construction of New Towns Photographs and Bibliography.
590 ## - LOCAL NOTE (RLIN)
Local note NA
650 24 - SUBJECT ADDED ENTRY--TOPICAL TERM
Topical term or geographic name entry element INSTITUTION OF CIVIL ENGINEERS
650 24 - SUBJECT ADDED ENTRY--TOPICAL TERM
Topical term or geographic name entry element RAILWAYS
650 24 - SUBJECT ADDED ENTRY--TOPICAL TERM
Topical term or geographic name entry element DOCKS
650 24 - SUBJECT ADDED ENTRY--TOPICAL TERM
Topical term or geographic name entry element ROAD
650 24 - SUBJECT ADDED ENTRY--TOPICAL TERM
Topical term or geographic name entry element MOTORWAYS
650 24 - SUBJECT ADDED ENTRY--TOPICAL TERM
Topical term or geographic name entry element NEW TOWNS
650 24 - SUBJECT ADDED ENTRY--TOPICAL TERM
Topical term or geographic name entry element TOWN AND COUNTRY PLANNING
651 #4 - SUBJECT ADDED ENTRY--GEOGRAPHIC NAME
Geographic name ENGLAND AND WALES
690 ## - LOCAL SUBJECT ADDED ENTRY--TOPICAL TERM (OCLC, RLIN)
Topical term or geographic name as entry element Infrastructure
9 (RLIN) 6246
700 1# - ADDED ENTRY--PERSONAL NAME
Personal name Chrimes, Michael
700 1# - ADDED ENTRY--PERSONAL NAME
Personal name Baldwin, Peter
942 ## - ADDED ENTRY ELEMENTS (KOHA)
Suppress in OPAC 0
Holdings
Withdrawn status Lost status Source of classification or shelving scheme Damaged status Not for loan Home library Current library Shelving location Date acquired Total Checkouts Full call number Barcode Date last seen Copy number Price effective from Koha item type
    Dewey Decimal Classification     London London Books 25/05/2012   624.05 BAL 30078875 06/08/2019 1 06/08/2019 Book